000
00355nam a2200169Ia 4500
008
210210b1945 xxu||||| |||| 00| 0 eng d
041
_a
eng
082
_a
920/41
100
_a
PONIKOWSKA
245
_a
Polish youth
260
_a
Aundh
_b
-
_c
1945
650
_a
youth
650
_a
Polish
690
_a
History
700
_a
JURKOWA
906
_a
024783
999
_c
150404
_d
150404